Beneméritos, aristócratas y empresarios : (Record no. 162208)

MARC details
000 -LEADER
fixed length control field 01432nam a22002897a 4500
005 - DATE AND TIME OF LATEST TRANSACTION
control field 20220526091304.0
008 - FIXED-LENGTH DATA ELEMENTS--GENERAL INFORMATION
fixed length control field 220526b sp ||||| |||| 00| 0 spa d
020 ## - INTERNATIONAL STANDARD BOOK NUMBER
International Standard Book Number 8495107600 (Iberoamericana)
020 ## - INTERNATIONAL STANDARD BOOK NUMBER
International Standard Book Number 3893541942 (Vervuert)
050 04 - LIBRARY OF CONGRESS CALL NUMBER
Classification number HN110.5.Z9
Item number E42 1999
245 00 - TITLE STATEMENT
Title Beneméritos, aristócratas y empresarios :
Remainder of title identidades y estructuras sociales de las capas altas urbanas en América hispánica
Statement of responsibility, etc / Bernd Schöter y Christian Büschges (eds.).
250 ## - EDITION STATEMENT
Edition statement 1a ed.
260 ## - PUBLICATION, DISTRIBUTION, ETC. (IMPRINT)
Place of publication, distribution, etc Madrid, España :
Name of publisher, distributor, etc Iberoamericana ;
Place of publication, distribution, etc Frankfurt am Main :
Name of publisher, distributor, etc Vervuert,
Date of publication, distribution, etc 1999.
300 ## - PHYSICAL DESCRIPTION
Extent 315 p. :
Other physical details il. ;
Dimensions 22 cm.
490 1# - SERIES STATEMENT
Series statement Acta coloniensia : estudios ibéricos y latinoamericanos ;
Volume number/sequential designation 4
500 ## - GENERAL NOTE
General note Resultados de un simposio realizado del 4 al 6 de diciembre de 1998 patrocinado por el Instituto de Historia Ibérica y Latinoamericana de la Universidad de Colonia.
504 ## - BIBLIOGRAPHY, ETC. NOTE
Bibliography, etc Incluye referencias bibliográficas.
546 ## - LANGUAGE NOTE
Language note Española e ingles
650 #7 - SUBJECT ADDED ENTRY--TOPICAL TERM
Source of heading or term Lemb
Topical term or geographic name as entry element Elite (Ciencias sociales)
Form subdivision Congresos
Geographic subdivision América Latina
650 #7 - SUBJECT ADDED ENTRY--TOPICAL TERM
Source of heading or term Lemb
Topical term or geographic name as entry element Aristocracia (clase social)
Form subdivision Congresos
Geographic subdivision América Latina
650 #7 - SUBJECT ADDED ENTRY--TOPICAL TERM
Source of heading or term Lemb
Topical term or geographic name as entry element Clase alta
Form subdivision Congresos
Geographic subdivision América Latina
650 #7 - SUBJECT ADDED ENTRY--TOPICAL TERM
Source of heading or term Lemb
Topical term or geographic name as entry element Sociología Urbana
Form subdivision Congresos
Geographic subdivision América Latina
650 #7 - SUBJECT ADDED ENTRY--TOPICAL TERM
Source of heading or term Lemb
Topical term or geographic name as entry element Sociología Rural
Form subdivision Congresos
Geographic subdivision América Latina.
700 1# - ADDED ENTRY--PERSONAL NAME
Personal name Schröter, Bernd,
Dates associated with a name 1954-
700 1# - ADDED ENTRY--PERSONAL NAME
Personal name Büschges, Christian.
942 ## - ADDED ENTRY ELEMENTS (KOHA)
Source of classification or shelving scheme Biblioteca del Cogreso de los Estados Unidos
Koha item type Libro
Holdings
Estado de pérdida Fuente de clasificación Estado del daño No para préstamo Ubicación permanente Ubicación actual Apartado o colección Fecha de adquisición Edición Área del conocimiento Total Checkouts Clasificación Código de Barras Date last seen Número de copia Costo por reposición Tipo de recurso
  Biblioteca del Cogreso de los Estados Unidos     Biblioteca del Instituto de Investigaciones Históricas Biblioteca del Instituto de Investigaciones Históricas General 26/05/2022 1a ed. Ciencias Sociales y Administrativas   HN110.5.Z9 E42 1999 IIH000032914 26/05/2022 C:1 1.00 Libro